00464cam a2200157 a 450000100100000000500170001000800410002704000290006808200170009710000350011424500500014926000420019930000210024165000200026265000240028200001846320200929165818.0910605s1960 fr 000 0 fre d aDO-SdBNPbfrecLCdBNPHU a843.8bG328a1 aGenevoix, Maurice,d1890-1980.10aAu cadran de mon clocher /cMaurice Genevoix. aParis :bPresses de la Cité,c1960. a228 p. ;c22 cm. 4aNovela francesa 4aLiteratrua francesa